| 000 | 01051nam a2200241 a 4500 | ||
|---|---|---|---|
| 001 | 000026092 | ||
| 005 | 20200930024309.0 | ||
| 008 | 110301s1981 dr 000 0 spa d | ||
| 040 |
_aDO-SdBNP _bspa _cBNPHU |
||
| 082 |
_a330.9729304 _bB681p |
||
| 100 | 1 |
_aBoin, Jacqueline _97799 |
|
| 245 | 1 | 3 |
_aEl proceso de desarrollo del capitalismo en la República Dominicana (1844-1930) / _cJaqueline Boin, José Serulle Ramia. |
| 260 |
_aSanto Domingo : _bGARMIL, _c1981. |
||
| 300 |
_av. ; _c22 cm. |
||
| 500 | _aLa biblioteca posee los volumenes 1 y 2 | ||
| 500 | _aIncluye referencias bibliográficas y notas al pie de las páginas | ||
| 505 | 0 |
_gv. 1. El proceso de desarrollo del capitalismo en la República Dominicana (1844-1930) -- _gv. 2. El desarrollo del capitalismo en la agricultura (1875-1930) |
|
| 590 | _aInventariado, 2018/VM | ||
| 650 | 4 |
_aCapitalismo _xHistoria _93851 |
|
| 651 | 4 |
_aRepública Dominicana _xCondiciones Económicas _y1844-1930 _935074 |
|
| 700 | 1 | 2 |
_aSerulle Ramia, José _96953 |
| 910 | _aValidado. Control de calidad MFF | ||
| 999 |
_c25584 _d25584 |
||